000 00534nam a2200193Ia 4500
003 GCL
008 140319s9999 xx 000 0 eng d
020 _a1562058878
040 _aGCL /
_cGCL
082 0 4 _a005.3
_bS W
100 1 _aSIYAN, KARANJIT S.
245 1 0 _aWINDOWS NT TCP \IP /
_cSIYAN, KARANJIT S.
260 _aنيويورك :
_bNEW RIDERS PUBLISHING ،
_c1998
300 _aXIII,458 P
_bILL. ؛
_c24 cm.
650 0 4 _aCOMPUTER - SOFTWARE
650 0 4 _aWINDOWS
650 0 4 _aCOMPUTER - PROGRAMMING
942 _2ddc
_cBK
999 _c16489
_d16489